000 00522ngm a2200181 i 4500
001 C2-0330351
003 PPAK
005 20180727222250.0
008 150415s xx |||| ||||| | vlmay d
040 _aPPAK
_beng
_cPPAK
_erda
245 1 0 _aMencari hidup yang pasti dan Nabi Muhammad s.a.w sebagai teladan
264 1 _bVIC Multimedia ,
_c[date of publication not identified]
336 _2rdacontent
_atext
337 _2rdamedia
_aunmediated
338 _2rdacarrier
_avolume
700 _eauthor
942 _2ddc
_cDVD
999 _c167680
_d167680